Ενζυμολογία
Αποθηκεύτηκε σε:
| Κύριος συγγραφέας: | |
|---|---|
| Μορφή: | Βιβλίο |
| Γλώσσα: | Greek |
| Δημοσίευση: |
Αθήνα :
Έμβρυο,
2007.
|
| Θέματα: | |
| Ετικέτες: |
Προσθήκη ετικέτας
Δεν υπάρχουν, Καταχωρήστε ετικέτα πρώτοι!
|
MARC
| LEADER | 00000cam a2200000 a 4500 | ||
|---|---|---|---|
| 001 | 1/110830 | ||
| 008 | 160526s2007####gr | ||| |||| ||gre|| | ||
| 020 | |a 9789608002449 | ||
| 040 | |a GR-MyUa |b gre |c GR-MyUa |e AACR2 | ||
| 041 | 0 | |a gre | |
| 082 | 7 | |a 572.7 |2 (23) | |
| 100 | 1 | |a Κλώνης, Ιωάννης |d 1952- | |
| 245 | 1 | 0 | |a Ενζυμολογία / |c Ιωάννης Κλώνης. |
| 260 | |a Αθήνα : |b Έμβρυο, |c 2007. | ||
| 300 | |a 560 σ.; |b πίν., σχ.; |c 29 εκ. | ||
| 650 | 0 | |a Enzymology. | |
| 650 | 0 | |a Enzymes |x Industrial applications. | |
| 852 | |a INST |b LEMNOS |c EUDOXUS |e 20160526 |h 572.7 ΚΛΩ |p 005600001264 |q 005600001264 |t EDX |y 0 | ||
| 920 | |a Εύδοξος |b Παραγγελία |y Λήμνος-ΤΕΤΔ |z 2016-05 | ||
| 970 | |a Μοσχόβη |b Ευαγγελία |z 26-05-2016 | ||